000 00465cam a22001457a 4500
008 180718b1970 xxu||||| |||| 00| 0 eng d
082 _aZx54 D26
100 _aDasgupta, Sipra
245 _aAgriculture, producer's rationality and technical change
_cby Sipra Dasgupta
260 _aBombay
_bAsia
_c1970
300 _a184p.
650 _aAgricultural innovations --India
650 _aAgriculture and state --India
650 _aAgriculture --Economic aspects --India
999 _c343577
_d343577